000 01115nam a2200301 i 4500
003 EG-GICUC
005 20260429152223.0
008 260429s1939 sy ||||fr|||| 00| 0 ara d
040 _a EG-GICUC
_bara
_c EG-GICUC
_d EG-GICUC
_erda
041 0 _aara
082 0 4 _221
_a345.02
_bم ح . م
092 0 4 _221
099 _aLaw1 07 345.02 م ح . م 1939
100 0 _aمحمد توفيق جانا
_eمؤلف.
245 1 2 _aمجموعة القوانين والقرارات الإدارية للدولة السورية:
_bجزء 6 /
_c اعداد محمد توفيق جانا.
264 3 _aدمشق :
_bمطبعة الاستقلال العربي،
_c1939.
300 _a479 صفحة؛
_c24 سم.
_b
336 _2rda content
_atext
337 _2rda media
_aComputer
338 _2rda carrier
_aOnline Resource
504 _a. 240-220 ببليوجرافيا: صفحات.
546 _aالنص باللغة العربية
650 1 4 _aالقانون الإداري
_2qrmak
651 1 _2qrmak
856 4 0 _uhttps://fll.law.cu.edu.eg/fulltext/bks/B07-02049.pdf
905 _a31
942 _2ddc
_cBK
_e21
_n0
999 _c74269
_d74269